[Event "SRI-ch"]
[Site "Nugegoda"]
[Date "2021.12.28"]
[Round "8"]
[White "Piyumantha, M Thisal Manjith"]
[Black "Liyanage, Ranindu Dilshan"]
[Result "1/2-1/2"]
[WhiteElo "1818"]
[BlackElo "2300"]
[PlyCount "61"]
[EventDate "2021.12.24"]
[EventType "tourn"]
[EventRounds "13"]
[EventCountry "SRI"]
[SourceTitle "CBM 205 Extra"]
[Source "ChessBase"]
[SourceDate "2022.01.31"]
[SourceVersion "1"]
[SourceVersionDate "2022.01.31"]
[SourceQuality "1"]

1. d4 Nf6 2. c4 e6 3. g3 d5 4. Bg2 dxc4 5. Qa4+ Nbd7 6. Qxc4 c5 7. dxc5 Bxc5 8. b4 Bd6 9. Bb2 Nb6 10. Qb3 e5 11. a3 Be6 12. Qd1 Qe7 13. Nd2 0-0 14. Ngf3 Rfd8 15. 0-0 Nc4 16. Nxc4 Bxc4 17. Qe1 Rac8 18. Rc1 Qe8 19. Nd2 Ba6 20. Rxc8 Rxc8 21. Ne4 Nxe4 22. Bxe4 Qb5 23. Bd3 Qb6 24. Bxa6 Qxa6 25. Qd2 Bf8 26. Rc1 Rxc1+ 27. Bxc1 Qd6 28. Qxd6 Bxd6 29. e4 Kf8 30. Kf1 Ke7 31. Ke2 1/2-1/2

[Event "SRI-ch"]
[Site "Nugegoda"]
[Date "2021.12.26"]
[Round "5"]
[White "De Silva, LMST"]
[Black "Piyumantha, M Thisal Manjith"]
[Result "1/2-1/2"]
[WhiteElo "2131"]
[BlackElo "1818"]
[PlyCount "62"]
[EventDate "2021.12.24"]
[EventType "tourn"]
[EventRounds "13"]
[EventCountry "SRI"]
[SourceTitle "CBM 205 Extra"]
[Source "ChessBase"]
[SourceDate "2022.01.31"]
[SourceVersion "1"]
[SourceVersionDate "2022.01.31"]
[SourceQuality "1"]

1. e4 c5 2. Nf3 Nc6 3. Bb5 d6 4. 0-0 Bd7 5. Re1 Nf6 6. c3 a6 7. Bf1 Bg4 8. d4 cxd4 9. cxd4 e5 10. d5 Nd4 11. Be3 Nxf3+ 12. gxf3 Bd7 13. a4 Be7 14. Na3 0-0 15. Nc4 Nh5 16. Nb6 Rb8 17. Kh1 Be8 18. Qc2 Bg5 19. Bxg5 Qxg5 20. Qc7 Rd8 21. Nc4 Rd7 22. Qb6 f5 23. Ra3 Rf6 24. f4 Nxf4 25. Rg3 Qh4 26. Qe3 Rh6 27. h3 fxe4 28. Bg2 Bf7 29. Nd2 Rd8 30. Nxe4 Rd7 31. Qf3 Rd8 1/2-1/2

[Event "SRI-ch"]
[Site "Nugegoda"]
[Date "2021.12.26"]
[Round "4"]
[White "Piyumantha, M Thisal Manjith"]
[Black "Sanudula, KM Dahamdi"]
[Result "0-1"]
[WhiteElo "1818"]
[BlackElo "1653"]
[PlyCount "138"]
[EventDate "2021.12.24"]
[EventType "tourn"]
[EventRounds "13"]
[EventCountry "SRI"]
[SourceTitle "CBM 205 Extra"]
[Source "ChessBase"]
[SourceDate "2022.01.31"]
[SourceVersion "1"]
[SourceVersionDate "2022.01.31"]
[SourceQuality "1"]

1. d4 Nf6 2. c4 e6 3. g3 d5 4. Bg2 Be7 5. Nf3 0-0 6. 0-0 a6 7. Qc2 dxc4 8. a4 Nc6 9. Qxc4 Qd5 10. Nbd2 Rd8 11. e3 Rb8 12. Qe2 Qd7 13. Nc4 Nd5 14. e4 Ndb4 15. Bf4 Bf6 16. Rfd1 Nxd4 17. Nxd4 Bxd4 18. Rxd4 Qxd4 19. Bxc7 Nc6 20. Bxd8 Qxd8 21. Rd1 Qc7 22. Qd2 h6 23. e5 b5 24. Qd6 Qxd6 25. exd6 Nd8 26. Ne5 Bb7 27. Rc1 Bxg2 28. Kxg2 Rb6 29. d7 Kf8 30. a5 Rd6 31. Rc8 Ke7 32. Ra8 g5 33. Ra7 f6 34. Ng4 h5 35. Ne3 Rxd7 36. Rxa6 Rd2 37. Ra7+ Kd6 38. Ra8 Nc6 39. a6 Rxb2 40. Rh8 Ra2 41. Rxh5 Rxa6 42. h4 gxh4 43. Rxb5 hxg3 44. Kxg3 Ra4 45. Rh5 Nd4 46. Kg2 f5 47. Rh4 Ke5 48. Nc2 Rc4 49. Nxd4 Rxd4 50. Rh8 Rg4+ 51. Kf3 Ra4 52. Rb8 Ra3+ 53. Ke2 Kf4 54. Rb4+ Kg5 55. Rc4 e5 56. f3 Ra2+ 57. Kf1 Rd2 58. Ra4 Rd4 59. Ra3 Kf4 60. Ke2 Rb4 61. Ke1 Rb2 62. Kf1 Kg3 63. Ke1 Rh2 64. Rb3 Kf4 65. Ra3 Rh3 66. Ke2 e4 67. Ra8 Rxf3 68. Rg8 Ra3 69. Rb8 Ra2+ 0-1

[Event "Nugegoda Sri Lanka GP 7th"]
[Site "Nugegoda"]
[Date "2020.07.12"]
[Round "3"]
[White "Amarasinghe, AACB"]
[Black "Piyumantha, M Thisal Manjith"]
[Result "1/2-1/2"]
[WhiteElo "1966"]
[BlackElo "1731"]
[PlyCount "59"]
[EventDate "2020.07.11"]
[EventType "tourn"]
[EventRounds "11"]
[EventCountry "SRI"]
[SourceTitle "EXT 2021"]
[Source "ChessBase"]
[SourceDate "2020.10.23"]
[SourceVersion "1"]
[SourceVersionDate "2020.10.23"]
[SourceQuality "1"]

1. e4 c6 2. d4 d5 3. e5 Bf5 4. h4 h5 5. c4 e6 6. Nc3 Ne7 7. Bg5 Nd7 8. Nge2 dxc4 9. Ng3 Qb6 10. Bxe7 Bxe7 11. Nxf5 exf5 12. Bxc4 0-0-0 13. Qd3 Nxe5 14. Qxf5+ Kb8 15. dxe5 Qxb2 16. 0-0 Qxc3 17. Qxf7 Bc5 18. Rab1 Bb6 19. Bb3 Qxe5 20. Rfe1 Qc5 21. Rbc1 Qf8 22. Re7 Qxf7 23. Rxf7 Rhf8 24. Rc2 Bd4 25. g3 Rfe8 26. Rf5 Re5 27. Rxe5 Bxe5 28. Bf7 Bd4 29. Bxh5 c5 30. Be2 1/2-1/2

[Event "Nugegoda Sri Lanka GP 7th"]
[Site "Nugegoda"]
[Date "2020.07.11"]
[Round "1"]
[White "De Silva, LMST"]
[Black "Piyumantha, M Thisal Manjith"]
[Result "1-0"]
[WhiteElo "2114"]
[BlackElo "1731"]
[PlyCount "69"]
[EventDate "2020.07.11"]
[EventType "tourn"]
[EventRounds "11"]
[EventCountry "SRI"]
[SourceTitle "EXT 2021"]
[Source "ChessBase"]
[SourceDate "2020.10.23"]
[SourceVersion "1"]
[SourceVersionDate "2020.10.23"]
[SourceQuality "1"]

1. e4 c6 2. d4 d5 3. Nc3 dxe4 4. Nxe4 Bf5 5. Ng3 Bg6 6. h4 h6 7. Nf3 e6 8. h5 Bh7 9. Bd3 Bxd3 10. Qxd3 Nf6 11. Bd2 Be7 12. 0-0-0 0-0 13. Kb1 Nbd7 14. Ne4 c5 15. Nxf6+ Bxf6 16. g4 cxd4 17. g5 hxg5 18. Bb4 Re8 19. h6 g6 20. Nxd4 Ne5 21. Qg3 Qb6 22. Bc3 Nc4 23. Qf3 e5 24. Ne2 Rac8 25. Qd5 Re6 26. Qd7 Rec6 27. Ka1 Qc7 28. Qxc7 R8xc7 29. Ng3 Nd6 30. Rd5 Kh7 31. a3 a6 32. a4 Nc8 33. Ne4 Nb6 34. Rxe5 Rxc3 35. Nxf6+ 1-0

[Event "Nugegoda GP 6th"]
[Site "Nugegoda"]
[Date "2019.06.03"]
[Round "11"]
[White "Ranasinghe, Sachini D"]
[Black "Piyumantha, M Thisal Manjith"]
[Result "0-1"]
[WhiteElo "1844"]
[BlackElo "1680"]
[PlyCount "139"]
[EventDate "2019.05.25"]
[EventType "tourn"]
[EventRounds "11"]
[EventCountry "SRI"]
[SourceTitle "CBM 190 Extra"]
[Source "ChessBase"]
[SourceDate "2019.07.15"]
[SourceVersion "1"]
[SourceVersionDate "2019.07.15"]
[SourceQuality "1"]

1. Nf3 Nf6 2. g3 c5 3. Bg2 Nc6 4. 0-0 g6 5. c4 d5 6. b3 Bg7 7. Bb2 d4 8. d3 0-0 9. e3 e5 10. exd4 exd4 11. Na3 Bf5 12. Nc2 a5 13. Nh4 Bg4 14. Qd2 Nd7 15. Rfe1 Nde5 16. h3 g5 17. hxg4 gxh4 18. g5 hxg3 19. f4 Ng4 20. Qe2 h5 21. Qf3 f6 22. Qxg3 fxg5 23. Qh3 Rxf4 24. Qxh5 Nf6 25. Qxg5 Rg4 26. Qf5 Qd6 27. Qe6+ Qxe6 28. Rxe6 Nh5 29. Re4 Nf4 30. Ne1 Be5 31. Kf1 Rg3 32. Kf2 Nxg2 33. Rxe5 Nxe5 34. Kxg3 Nxe1 35. Rxe1 Nxd3 36. Re2 Nxb2 37. Rxb2 Kf7 38. a3 Ra6 39. Kf4 Kf6 40. Rh2 Rd6 41. Ke4 b6 42. Rh6+ Ke7 43. Rh7+ Ke6 44. Kd3 Kf5 45. Rh1 Re6 46. Rf1+ Kg4 47. Rf8 Re3+ 48. Kc2 a4 49. Ra8 Kf3 50. Kd2 axb3 51. Rb8 b2 52. Rxb6 Rxa3 53. Rxb2 Rc3 54. Rb8 Rxc4 55. Re8 Rc3 56. Re7 Re3 57. Rc7 Rc3 58. Re7 Re3 59. Rc7 Rc3 60. Re7 c4 61. Rh7 Re3 62. Rh3+ Ke4 63. Rh4+ Kd5 64. Rh8 c3+ 65. Kc2 Re2+ 66. Kd1 Rd2+ 67. Kc1 Kc4 68. Rc8+ Kd3 69. Rh8 Ra2 70. Rh3+ 0-1

[Event "Nugegoda GP 6th"]
[Site "Nugegoda"]
[Date "2019.05.25"]
[Round "1"]
[White "Silva, Kevin Ranidu"]
[Black "Piyumantha, M Thisal Manjith"]
[Result "1/2-1/2"]
[WhiteElo "1673"]
[BlackElo "1680"]
[PlyCount "91"]
[EventDate "2019.05.25"]
[EventType "tourn"]
[EventRounds "11"]
[EventCountry "SRI"]
[SourceTitle "CBM 190 Extra"]
[Source "ChessBase"]
[SourceDate "2019.07.15"]
[SourceVersion "1"]
[SourceVersionDate "2019.07.15"]
[SourceQuality "1"]

1. e4 c6 2. d4 d5 3. e5 Bf5 4. Nf3 e6 5. Be2 c5 6. c3 Nc6 7. Be3 cxd4 8. Nxd4 Nxd4 9. Bxd4 a6 10. Nd2 Ne7 11. f4 Nc6 12. Be3 d4 13. cxd4 Nb4 14. Rc1 Nd5 15. Qb3 Rc8 16. 0-0 Bc2 17. Rxc2 Rxc2 18. Qxc2 Nxe3 19. Qa4+ Qd7 20. Qxd7+ Kxd7 21. Rc1 Be7 22. Bf3 Rc8 23. Rxc8 Kxc8 24. Kf2 Nc2 25. Nb3 Nb4 26. Be4 Nxa2 27. Bxh7 Kd7 28. Be4 b6 29. g3 Nb4 30. Nd2 Kc7 31. Ke2 b5 32. Nb1 a5 33. Nc3 Kb6 34. h4 Na6 35. Bd3 Nc7 36. h5 a4 37. f5 Bg5 38. Ne4 Bc1 39. Nd6 f6 40. Kd1 Be3 41. Ke2 Bc1 42. exf6 gxf6 43. Nf7 exf5 44. h6 Bxh6 45. Nxh6 Nd5 46. Nxf5 1/2-1/2

[Event "Ambalangoda Dhamso op 4th"]
[Site "Ambalangoda"]
[Date "2014.04.30"]
[Round "2"]
[White "Piyumantha, M Thisal Manjith"]
[Black "Priyankara, Chamil Y"]
[Result "0-1"]
[WhiteElo "1184"]
[BlackElo "1930"]
[PlyCount "70"]
[EventDate "2014.04.30"]
[EventType "swiss"]
[EventRounds "9"]
[EventCountry "SRI"]
[SourceTitle "CBM 160 Extra"]
[Source "ChessBase"]
[SourceDate "2014.07.01"]
[SourceVersion "1"]
[SourceVersionDate "2014.07.01"]
[SourceQuality "1"]

1. d4 Nf6 2. c4 e5 3. dxe5 Ng4 4. Nf3 Nc6 5. Bf4 Bb4+ 6. Nbd2 Qe7 7. e3 Ngxe5 8. Nxe5 Nxe5 9. Be2 0-0 10. 0-0 d6 11. Qc2 Be6 12. Bxe5 dxe5 13. a3 Bxd2 14. Qxd2 Rfd8 15. Qc2 Qg5 16. Bf3 c6 17. g3 f5 18. Bg2 f4 19. exf4 exf4 20. Qe4 Bf7 21. Rac1 fxg3 22. hxg3 Rd2 23. b4 Rad8 24. Qf3 Bh5 25. Qc3 Re2 26. Rb1 Rdd2 27. Rbd1 Rc2 28. Qd4 h6 29. Qxa7 Qxg3 30. Qa8+ Kh7 31. Qf8 Bg4 32. Qd8 Bh3 33. fxg3 Rxg2+ 34. Kh1 Rh2+ 35. Kg1 Rcg2# 0-1